| 000 | 01274cam a2200325 a 4500 | ||
|---|---|---|---|
| 001 | c 67002541 | ||
| 003 | DLC | ||
| 005 | 20260227111036.0 | ||
| 008 | 871124s1967 ch abch 00000 chi | ||
| 010 | _ac 67002541 | ||
| 035 | _a(CStRLIN)DCLP87-B21945 | ||
| 040 |
_aDLC-R _cDLC-R _dCStRLIN _dDLC-R |
||
| 050 | 0 | 0 |
_aDS777.2 _b.S5 |
| 066 | _c$1 | ||
| 082 | 0 | 0 |
_a951.04/1 _219 |
| 245 | 0 | 0 |
_6880-01 _aYuan Shikai shi liao hui kan / _c[Shen Yunlong zhu bian]. |
| 250 |
_6880-02 _aTai chu ban. |
||
| 260 |
_6880-03 _aTaibei Xian Yonghe zhen : _bWen hai chu ban she, _c[1966- |
||
| 300 |
_a<v. 1-17, 20-21; in 32> : _bill., facsims., maps, ports. ; _c20 cm. |
||
| 500 | _aVol. 1, pts. 2-3, v. 2, 4-8 have title: Xiangcheng Yuan Shikai you guan zi liao hui kan. | ||
| 500 | _aVols. 11-17 have title: Yuan Shikai shi liao hui kan xu ji. | ||
| 600 | 1 | 0 |
_6880-04 _aYuan, Shikai, _d1859-1916. |
| 700 | 1 |
_6880-05 _aShen, Yunlong. |
|
| 880 | 0 | 0 |
_6245-01/$1 _a袁 世凱 史料 彙刊 / _c[沈 雲龍 主編]. |
| 880 |
_6250-02/$1 _a臺初版. |
||
| 880 |
_6260-03/$1 _a臺北縣 永和鎭 : _b文海 出版社, _c1966-<1967> |
||
| 880 | 1 | 4 |
_6600-04/$1 _a袁 世凱, _d1859-1916. |
| 880 | 1 |
_6700-05/$1 _a沈 雲龍. |
|
| 987 |
_aPINYIN _bCStRLIN _c20001210 _dc _e1.0 |
||
| 999 |
_c12940 _d12940 |
||